El sistema nervioso humano (Registro nro. 31189)

Detalles MARC
000 -CABECERA
Longitud fija campo de control 01215nam a2200313 a 4500
003 - IDENTIFICADOR DELl NÚMERO DE CONTROL
Identificador del número de control OSt
005 - FECHA Y HORA DE LA ÚLTIMA TRANSACCIÓN
Fecha y hora de la última transacción 20250128205902.0
008 - CÓDIGOS DE INFORMACIÓN DE LONGITUD FIJA
Códigos de información de longitud fija 110308s2009 espa e 001 0 spa d
020 ## - NÚMERO INTERNACIONAL NORMALIZADO PARA LIBROS
Número Internacional Normalizado para Libros (ISBN) 978-84-15840-78-7
040 ## - FUENTE DE LA CATALOGACIÓN
Centro transcriptor BMC
082 ## - NÚMERO DE LA CLASIFICACIÓN DECIMAL DEWEY
Númeroo de clasificación 611.8
100 1# - PUNTO DE ACCESO PRINCIPAL-NOMBRE DE PERSONA
9 (RLIN) 19805
Nombre de persona Barr, Murray L.
Fechas asociadas al nombre 1908-1995
245 13 - MENCIÓN DE TÍTULO
Título El sistema nervioso humano
Resto del título : una perspectiva anatómica
Mención de responsabilidad, etc. Barr ; [editor], John A. Kiernan, Nagalingam Rajakumar ; [traducción Óscar Nabais Simón, Tomás Pérez Pazos, Marta Vigo Anglada]
250 ## - MENCIÓN DE EDICIÓN
Mención de edición 10ª ed
260 ## - PUBLICACIÓN, DISTRIBUCIÓN, ETC. (PIE DE IMPRENTA)
Lugar de publicación, distribución, etc. Philadelphia [etc.]
Nombre del editor, distribuidor, etc. Wolters Kluwer
Fecha de publicación, distribución, etc. 2014
300 ## - DESCRIPCIÓN FÍSICA
Extensión VIII, 423 p.
Otras características físicas il.
Dimensiones 25 cm
500 ## - NOTA GENERAL
Nota general Índice alfabético de materias: p. 413-423
500 ## - NOTA GENERAL
Nota general Glosario de términos neuroanatómicos y afines: p. 399-412
504 ## - NOTA DE BIBLIOGRAFÍA, ETC
Nota de bibliografía, etc. Bibliografía al final de cada capítulo
594 ## - NOTA AL TÍTULO Y MENCIÓN DE RESPONSABIBLIDAD
Nota Al Título Y Mención De Responsabilidad Traducción de: Barr's the human nervous system, 9th ed.
650 20 - PUNTO DE ACCESO ADICIONAL DE MATERIA - TÉRMINO DE MATERIA
Término de materia o nombre geográfico como elemento inicial Neuroanatomía
9 (RLIN) 19606
650 20 - PUNTO DE ACCESO ADICIONAL DE MATERIA - TÉRMINO DE MATERIA
9 (RLIN) 19811
Término de materia o nombre geográfico como elemento inicial Sistema nervioso
700 1# - PUNTO DE ACCESO ADICIONAL - NOMBRE DE PERSONA
Nombre de persona Kiernan, John Alan
9 (RLIN) 19607
700 1# - PUNTO DE ACCESO ADICIONAL - NOMBRE DE PERSONA
Nombre de persona Rajakumar, Nagalingam
9 (RLIN) 44323
700 1# - PUNTO DE ACCESO ADICIONAL - NOMBRE DE PERSONA
Nombre de persona Nabais Simón, Óscar
9 (RLIN) 19609
700 1# - PUNTO DE ACCESO ADICIONAL - NOMBRE DE PERSONA
Nombre de persona Vigo Anglada, Marta
9 (RLIN) 19613
700 1# - PUNTO DE ACCESO ADICIONAL - NOMBRE DE PERSONA
9 (RLIN) 19612
Nombre de persona Pérez Pazos, Tomás
942 ## - ENTRADA DE ELEMENTOS AGREGADOS (KOHA)
Fuente de clasificaión o esquema Dewey Decimal Classification
Koha [por defecto] tipo de item 1- Monografias
Parte de clasificación prozim
Existencias
Suprimido Perdido Fuente de clasificación o esquema Estropeado Restricciones de uso No para préstamo Código de colección Localización permanente Localización actual Localización en estanter&íacute;as Fecha adquisición Fuente de adquisición Número de inventario Préstamos totales Signatura completa Código de barras Fecha última consulta Coste, precio reemplazado Fecha del precio de reemplazo Tipo de item de Koha Fecha último préstamo Renovaciones totales
NULL NULL Dewey Decimal Classification NULL Prestable NULL NULL Biblioteca Centro Regional de Ilobasco Biblioteca Centro Regional de Ilobasco Sala Principal 13/11/2024 Compra-Facultad Multidisciplinaria de Ilobasco LI006103   611.8 BAR sis 1052952 03/02/2025 120.00 03/02/2025 1- Monografias    
NULL NULL Dewey Decimal Classification NULL Prestable NULL NULL Biblioteca Centro Regional de Ilobasco Biblioteca Centro Regional de Ilobasco Sala Principal 20/01/2025 Compra-Facultad Multidisciplinaria de Ilobasco LI006104   611.8 BAR sis 1052953 03/02/2025 120.00 03/02/2025 1- Monografias    
NULL NULL Dewey Decimal Classification NULL Prestable NULL NULL Biblioteca Centro Regional de Ilobasco Biblioteca Centro Regional de Ilobasco Sala Principal 20/01/2025 Compra-Facultad Multidisciplinaria de Ilobasco LI006105   611.8 BAR sis 1052954 03/02/2025 120.00 03/02/2025 1- Monografias    
NULL NULL Dewey Decimal Classification NULL Prestable NULL NULL Biblioteca Miguel de Cervantes - UNICAES Biblioteca Miguel de Cervantes - UNICAES Sala Principal 11/02/2020 Donación - PALTEX 034870   611.8 BAR sis 1046935 06/11/2020 23.26 06/11/2020 1- Monografias    
NULL NULL Dewey Decimal Classification NULL Prestable NULL NULL Biblioteca Miguel de Cervantes - UNICAES Biblioteca Miguel de Cervantes - UNICAES Sala Principal 11/02/2020 Donación - PALTEX 034871 3 611.8 BAR sis 1046936 29/03/2023 23.26 06/11/2020 1- Monografias 28/03/2023  
NULL NULL Dewey Decimal Classification NULL Prestable NULL NULL Biblioteca Miguel de Cervantes - UNICAES Biblioteca Miguel de Cervantes - UNICAES Sala Principal 11/02/2020 Donación - PALTEX 034872   611.8 BAR sis 1046937 06/11/2020 23.26 06/11/2020 1- Monografias    
NULL NULL Dewey Decimal Classification NULL Prestable NULL NULL Biblioteca Miguel de Cervantes - UNICAES Biblioteca Miguel de Cervantes - UNICAES Sala Principal 11/02/2020 Donación - PALTEX 034873 1 611.8 BAR sis 1046938 22/03/2023 23.26 06/11/2020 1- Monografias 18/03/2023 1
NULL NULL Dewey Decimal Classification NULL Prestable NULL NULL Biblioteca Miguel de Cervantes - UNICAES Biblioteca Miguel de Cervantes - UNICAES Sala Principal 11/02/2020 Donación - PALTEX 034874 2 611.8 BAR sis 1046939 18/03/2024 23.26 06/11/2020 1- Monografias 15/03/2024  
NULL NULL Dewey Decimal Classification NULL Prestable NULL NULL Biblioteca Miguel de Cervantes - UNICAES Biblioteca Miguel de Cervantes - UNICAES Sala Principal 11/02/2020 Donación - PALTEX 034875   611.8 BAR sis 1046940 06/11/2020 23.26 06/11/2020 1- Monografias    
NULL NULL Dewey Decimal Classification NULL Prestable NULL NULL Biblioteca Miguel de Cervantes - UNICAES Biblioteca Miguel de Cervantes - UNICAES Sala Principal 11/02/2020 Donación - PALTEX 034876 2 611.8 BAR sis 1046941 18/03/2024 23.26 06/11/2020 1- Monografias 15/03/2024  
NULL NULL Dewey Decimal Classification NULL Prestable NULL NULL Biblioteca Miguel de Cervantes - UNICAES Biblioteca Miguel de Cervantes - UNICAES Sala Principal 11/02/2020 Donación - PALTEX 034877 3 611.8 BAR sis 1046942 03/11/2025 23.26 06/11/2020 1- Monografias 03/11/2025  
NULL NULL Dewey Decimal Classification NULL Prestable NULL NULL Biblioteca Miguel de Cervantes - UNICAES Biblioteca Miguel de Cervantes - UNICAES Sala Principal 11/02/2020 Donación - PALTEX 034878 2 611.8 BAR sis 1046943 21/03/2024 23.26 06/11/2020 1- Monografias 15/03/2024  
NULL NULL Dewey Decimal Classification NULL Prestable NULL NULL Biblioteca Miguel de Cervantes - UNICAES Biblioteca Miguel de Cervantes - UNICAES Sala Principal 11/02/2020 Donación - PALTEX 034879   611.8 BAR sis 1046944 06/11/2020 23.26 06/11/2020 1- Monografias